| 000 | 00593nam a22001817a 4500 | ||
|---|---|---|---|
| 005 | 20231124122013.0 | ||
| 008 | 231124b |||||||| |||| 00| 0 eng d | ||
| 020 | _a070211233 X ; 0702112933 | ||
| 041 | _aEnglish | ||
| 082 | _a340.5 SEY | ||
| 100 |
_aBekker, JC and Coertze, JJJ _lEnglish |
||
| 245 |
_aSeymour's Customary Law in Southern Africa / _cJC Bekker and JJ Coertze |
||
| 250 | _aFourth Edition | ||
| 260 |
_aCape Town : _bJuta and Company Ltd, _c1982 |
||
| 300 |
_blxi, 446 pages ; _c26 cm. |
||
| 650 |
_aLegal practice _bLaw |
||
| 942 |
_cBK _6ALISON_BN_VRIES |
||
| 999 |
_c943 _d943 |
||